Southville International School and Colleges
Your cart is empty.
  • Cart
  • Lists
    Public lists Eva Luna New books Lux_list list_1
    Your lists Log in to create your own lists
  • Log in to your account
  • Your cookies
  • Search history
Southville International School and Colleges
  • Advanced search
  • Recent comments
  • Most popular
  • Libraries

Log in to your account

Log in with GOOGLE


If you do not have an external account, but do have a local account, you can still log in:

  1. Home
  2. MARC view: Dear Whiskers /
Normal view MARC view ISBD view

Dear Whiskers / (Record no. 47394)

[ view plain ]
MARC details
000 -LEADER
fixed length control field 01151cam a2200349 a 4500
001 - CONTROL NUMBER
control field 11937256
003 - CONTROL NUMBER IDENTIFIER
control field OSt
005 - DATE AND TIME OF LATEST TRANSACTION
control field 20140407104352.0
008 - FIXED-LENGTH DATA ELEMENTS--GENERAL INFORMATION
fixed length control field 000310s2000 nyua b 000 1 eng
010 ## - LIBRARY OF CONGRESS CONTROL NUMBER
LC control number 00035013
020 ## - INTERNATIONAL STANDARD BOOK NUMBER
International Standard Book Number 0439375894
040 ## - CATALOGING SOURCE
Original cataloging agency DLC
Transcribing agency DLC
042 ## - AUTHENTICATION CODE
Authentication code lcac
050 00 - LIBRARY OF CONGRESS CALL NUMBER
Classification number PZ 7
Item number .N13355De 2002
100 1# - MAIN ENTRY--PERSONAL NAME
Personal name Nagda, Ann Whitehead,
Dates associated with a name 1945-
9 (RLIN) 27819
245 10 - TITLE STATEMENT
Title Dear Whiskers /
Statement of responsibility, etc Ann Whitehead Nagda ; illustrated by Stephanie Roth.
250 ## - EDITION STATEMENT
Edition statement 1st ed.
260 ## - PUBLICATION, DISTRIBUTION, ETC. (IMPRINT)
Place of publication, distribution, etc New York :
Name of publisher, distributor, etc Scholastics
Date of publication, distribution, etc 2002.
300 ## - PHYSICAL DESCRIPTION
Extent 75 p. :
Other physical details ill. ;
Dimensions 22 cm.
521 ## - TARGET AUDIENCE NOTE
Target audience note
526 ## - STUDY PROGRAM INFORMATION NOTE
Reading level 400
650 #1 - SUBJECT ADDED ENTRY--TOPICAL TERM
Topical term or geographic name as entry element Schools
Form subdivision Fiction.
9 (RLIN) 27820
650 #1 - SUBJECT ADDED ENTRY--TOPICAL TERM
Topical term or geographic name as entry element Letters
Form subdivision Fiction.
9 (RLIN) 27821
650 #1 - SUBJECT ADDED ENTRY--TOPICAL TERM
Topical term or geographic name as entry element English language
Form subdivision Fiction.
9 (RLIN) 27822
650 #1 - SUBJECT ADDED ENTRY--TOPICAL TERM
Topical term or geographic name as entry element Immigrants
Form subdivision Fiction.
9 (RLIN) 27823
650 #1 - SUBJECT ADDED ENTRY--TOPICAL TERM
Topical term or geographic name as entry element Friendship
Form subdivision Fiction.
9 (RLIN) 27824
700 1# - ADDED ENTRY--PERSONAL NAME
Personal name Sisson, Stéphanie Roth,
Relator term ill.
9 (RLIN) 27825
906 ## - LOCAL DATA ELEMENT F, LDF (RLIN)
a 7
b cbc
c orignew
d 1
e ocip
f 20
g y-gencatlg
942 ## - ADDED ENTRY ELEMENTS (KOHA)
Source of classification or shelving scheme Library of Congress Classification
Koha item type Books
Holdings
Withdrawn status Lost status Source of classification or shelving scheme Damaged status Home library Current library Shelving location Date acquired Total Checkouts Full call number Barcode Date last seen Copy number Price effective from Koha item type
    Library of Congress Classification   Munich Library Munich Library Scholastic Reading Center Section 03/14/2014   PZ 7 .N13355De 2002 MS2202 03/14/2014 1 03/14/2014 Books

Dear Whiskers /

APA

Nagda A. W., Sisson S. R., . (2002). Dear Whiskers. New York: Scholastics.

Chicago

Nagda Ann Whitehead, Sisson Stéphanie Roth, . 2002. Dear Whiskers. New York: Scholastics.

Harvard

Nagda A. W., Sisson S. R., . (2002). Dear Whiskers. New York: Scholastics.

MLA

Nagda Ann Whitehead, Sisson Stéphanie Roth, . Dear Whiskers. New York: Scholastics. 2002.

  • Place hold
  • Print
  • Cite
  • Add to your cart (remove)
  • Save record
    BIBTEX Dublin Core MARCXML MARC (non-Unicode/MARC-8) MARC (Unicode/UTF-8) MARC (Unicode/UTF-8, Standard) MODS (XML) RIS
  • More searches
    Search for this title in:
    Other Libraries (WorldCat) Other Databases (Google Scholar) Online Stores (Bookfinder.com) Open Library (openlibrary.org)

Exporting to Dublin Core...

SOUTHVILLE LIBRARY

Southville International School and Colleges Library

1281 Tropical Ave. Cor. Luxembourg St., BF Homes International, Las Pinas City

Tel. No. 8256374 / 252358 Loc. 117/146

Powered by Koha